000 00427nam a22001697a 4500
003 OSt
008 260504b |||||||| |||| 00| 0 eng d
082 _a633.11
_bS480
100 _aSingh, Dinesh Prasad
245 _aOptimum NPK Schedule for Dwarf Wheat Variety-R.R. 21
260 _aDholi, Muzaffarpur
_bRAU, TCA
_c1974
300 _a70P.
502 _bMsc.
_d1974
650 _aAgronomy
650 _aMsc.
942 _2ddc
_cT
999 _c50398
_d50398